All foreign players FC Barcelona - Statistics

General Stats
  • This quiz has been taken 498 times
  • The average score is 63 of 234
Answer Stats
Hint Answer % Correct
Lionel Messi
91%
Luis Suárez
88%
Neymar
86%
Samuel Eto'o
86%
Ronaldinho
82%
Marc-André Ter Stegen
81%
Zlatan Ibrahimović
80%
Dani Alves
79%
Frenkie De Jong
79%
Ronaldo
79%
Luuk De Jong
78%
Ivan Rakitić
77%
Rivaldo
77%
Thierry Henry
77%
Robert Lewandowski
74%
Alexis Sánchez
70%
Éric Abidal
70%
Javier Mascherano
70%
Yaya Touré
69%
Raphinha
68%
Ronald Araújo
68%
Arturo Vidal
67%
Johan Cruyff
67%
Julián Araujo
66%
Luís Figo
66%
Ousmane Dembélé
66%
Sergiño Dest
65%
Samuel Umtiti
64%
Ronald Koeman
63%
Jordi Cruyff
62%
Pierre-Emerick Aubameyang
62%
Jules Koundé
61%
Rafael Márquez
61%
Romário
60%
Claudio Bravo
59%
Gianluca Zambrotta
59%
Andreas Christensen
58%
Antoine Griezmann
58%
Clément Lenglet
58%
Hristo Stoichkov
58%
Arda Turan
57%
Deco
57%
Miralem Pjanić
57%
Michael Laudrup
56%
Gheorghe Hagi
54%
Diego Maradona
52%
Henrik Larsson
52%
Seydou Keita
52%
Coutinho
51%
Gary Lineker
51%
Patrick Kluivert
49%
Alex Song
48%
Frank De Boer
48%
İlkay Gündoğan
48%
Ronald De Boer
48%
Jérémy Mathieu
47%
João Cancelo
47%
Arthur
45%
André Gomes
44%
João Felix
44%
Memphis Depay
44%
Nélson Semedo
44%
Rafinha
44%
Thomas Vermaelen
44%
Jonathan Dos Santos
43%
Maxwell
43%
Giovani Dos Santos
42%
Martin Braithwaite
42%
Yerry Mina
41%
Adriano
40%
Javier Saviola
40%
Thiago Motta
40%
Paulinho
39%
Jasper Cillessen
38%
Aliaksandr Hleb
37%
Belletti
37%
Cayetano Ré
37%
Franck Kessié
37%
Giovanni Van Bronckhorst
37%
Edgar Davids
36%
Mark Van Bommel
36%
Phillip Cocu
36%
Eiður Guðjohnsen
34%
Lucas Digne
34%
Neto
34%
Juan Román Riquelme
33%
Kevin-Prince Boateng
33%
Ludovic Giuly
33%
Marc Overmars
33%
Sergio Agüero
33%
Gabriel Milito
32%
Jari Litmanen
31%
Lilian Thuram
31%
Emmanuel Petit
30%
Munir
30%
Sylvinho
29%
Ricardo Quaresma
27%
Malcom
25%
Trincão
25%
László Kubala
24%
Maxi López
24%
Edmilson
23%
Ibrahim Afellay
23%
Martín Cáceres
23%
Michael Reiziger
23%
Vítor Roque
22%
Bernd Schuster
21%
Johan Neeskens
21%
Laurent Blanc
21%
Patrik Andersson
21%
Douglas
20%
Emerson
20%
Boudewijn Zenden
19%
Francesco Coco
19%
Yusuf Demir
19%
Bernardo Cos
18%
Jeison Murillo
18%
Jean-Clair Todibo
17%
Sonny Anderson
17%
Abde Ezzalzouli
16%
Alen Halilović
16%
Demetrio Albertini
16%
Enrique Fernández
16%
Pedro Fernández
16%
Rüştü Reçber
16%
Alcántara
15%
Mark Hughes
15%
Matheus Fernandes
15%
Vítor Baía
15%
Winston Bogarde
15%
Giovanni
14%
Ilaix Moriba
14%
Jeffrén
14%
Moussa Wagué
14%
Robert Enke
14%
Roberto Bonano
14%
Ruud Hesp
14%
Simão
14%
Juan Sorín
13%
Konrad De La Fuente
13%
Sándor Kocsis
13%
Fernando Couto
12%
Christophe Dugarry
11%
Gheorghe Popescu
11%
Rey Manaj
11%
Steve Archibald
11%
Emmanuel Amunike
10%
Fabio Rochemback
10%
Géovanni
10%
Hans Krankl
10%
Philippe Christanval
10%
Richard Dutruel
10%
Robert Prosinečki
10%
Allan Simonsen
9%
Diego Kochen
7%
Frédéric Déhu
7%
Gai Assulin
7%
Jean Dongou
7%
Ludovit Reis
7%
Marlon
7%
Henrique
6%
Julio César Romero
6%
Lucien Müller
6%
Marinho Peres
6%
Meho Kodro
6%
Richard Witschge
6%
Samuel Okunowo
6%
Thomas Christiansen
6%
Wilfrid Kaptoum
6%
Zoltán Czibor
6%
Dragan Ćirić
5%
Edgar Ié
5%
Hugo Sotil
5%
Igor Korneev
5%
Pascual Ros
5%
Aloísio
4%
Diawandou Diagné
4%
Dmitro Chigrinskiy
4%
Goran Vučević
4%
Keirrison
4%
Ludovic Sylvestre
4%
Humberto Gimenez
3%
Julio Benítez
3%
Mauricio Pellegrino
3%
Ronnie Ekelund
3%
Akieme
2%
Alfredo Amarillo
2%
Bio
2%
Carlos Medrano
2%
Dagoberto Moll
2%
Eduardo Endériz
2%
Emil Walter
2%
Evaristo
2%
Ferenc Plattkó
2%
Hermes González Flóres
2%
Jack Greenwell
2%
Jesús Lucendo
2%
Jiří Hanke
2%
Jorge Gabrich
2%
Jorge Mendonça
2%
Juan Seminario
2%
Kike Saverio
2%
Lauro Mosquera
2%
Lazar Carević
2%
Luis Cubilla
2%
Marcos Aureli
2%
Mateu Nicolau
2%
Nicolae Simatoc
2%
Rafael Zuviría
2%
Ramón Villaverde
2%
Raúl Amarilla
2%
Roberto Dinamite
2%
Santiago Ramos Mingo
2%
Stefano Nyers
2%
Tibor Szalay
2%
Wálter Machado Da Silva Batuta
2%
Alcides Silveira
1%
Alejandro Morera
1%
Cabeçao
1%
Elemér Berkessy
1%
Emilio Sagi Liñán
1%
Fausto
1%
Fernand Goyvaerts
1%
Florencio Caffaratti
1%
Hans Gampar
1%
Héctor Scarone
1%
Juan Carlos Heredia
1%
Luis Prais
1%
Miguel Loayza
1%
René Fenouillère
1%
Ricardo Ferrero
1%
Steve Mokone
1%
Udo Steinberg
1%
Vasconcellos
1%
No matching quizzes found
Score Distribution
Percent of People with Each Score
Percentile by Number Answered
Your Score History
You have not taken this quiz